| 000 | 00458nam a2200205Ia 4500 | ||
|---|---|---|---|
| 001 | 11774 | ||
| 003 | GE_BSU | ||
| 008 | 181216s||||||||xx |||||||||||||| ||und|| | ||
| 020 | _a9780747251972 | ||
| 040 | _cGE_BSU | ||
| 080 | _a821.111-32 | ||
| 100 | _aBowwing,Harry | ||
| 245 | _aOne more for Saddler Street | ||
| 260 | _aLondon | ||
| 260 | _bHeadline | ||
| 260 | _c1996 | ||
| 300 | _a470p.18cm. | ||
| 653 | _aOne more for Saddler Street | ||
| 942 | _cBK | ||
| 999 |
_c44953 _d44953 |
||